000 00574nam a2200193Ia 4500
005 20250508161712.0
008 008 250505s9999 xx 000 0 eng d
037 _aBooks to be hide in OPAC
040 _aFEDL
_beng
_cFEDL
041 _aeng
_2eng
084 _a537, WOO/O
_qFEDL
100 _aWoolman Myron
_9771397
245 0 _aFrom electrons to power ac and dc: A programmed text
260 _aCalifornia, USA
_bGlencoe Press
_c1968
300 _a134p.
700 _a Valentine C Glenn
_9771398
942 _cHB
_h537, WOO/O
999 _c1371630
_d1371630